Giáo trình môn học: Kỹ thuật lạnh- kho lạnh trạm lạnh

Spremljeno u:
Bibliografski detalji
Autor kompanije: Khoa điện công nghiệp
Format: Knjiga
Jezik:Vietnamese
Izdano: TP.HCM Trường CĐ KT Cao Thắng,
Izdanje:lần thứ I
Teme:
Oznake: Dodaj oznaku
Bez oznaka, Budi prvi tko označuje ovaj zapis!
Thư viện lưu trữ: Thư viện Trường CĐ Kỹ Thuật Cao Thắng
LEADER 00903nam a2200265 a 4500
001 TVCDKTCT15526
003 CT=005 20150116074505.1
005 20221006140952.000
008 150115syyyy vn
980 \ \ |a Thư viện Trường CĐ Kỹ Thuật Cao Thắng 
024 |a RG_1 #1 eb0 i1 
020 # # |c 10.000 Đồng 
041 0 # |a vie 
082 # # |a 621.56   |b GI-108T 
110 |a Khoa điện công nghiệp 
245 # # |a Giáo trình môn học: Kỹ thuật lạnh- kho lạnh trạm lạnh   |c Khoa điện công nghiệp 
250 # # |a lần thứ I 
260 # # |a TP.HCM   |b Trường CĐ KT Cao Thắng,  
300 # # |a 132 tr   |c 24 cm 
541 # # |a Tặng 
650 # 4 |a Kỹ thuật lạnh 
650 # 4 |a Refrigeration Technical 
650 # 4 |a Thermal Engineering Technology 
721 # # |a 06. CNKT Nhiệt lạnh 
841 # # |b Kho Sách   |j 100044296